|
|
|
|
| LEADER |
00000nam a2200000Ia 4500 |
| 008 |
180713b1999 ck ||||| |||| 00| | spa d |
| 999 |
|
|
|c 2171
|d 2171
|
| 090 |
|
|
|a 14.06.01
|b 1686
|
| 110 |
|
|
|a Fondo de las Naciones Unidas para la Infancia (UNICEF)
|9 4026
|
| 245 |
1 |
0 |
|a Mortalidad Materna: estrategia para su reducción en América Latina y el Caribe. Análisis y recomendaciones para la región /
|c Fondo de las Naciones Unidas para la Infancia (UNICEF)
|
| 260 |
|
|
|a Colombia :
|b UNICEF,
|c 1999
|
| 300 |
|
|
|a 47 páginas
|
| 650 |
1 |
4 |
|a MORTALIDAD MATERNA
|9 4046
|
| 650 |
1 |
4 |
|a DERECHOS HUMANOS
|9 588
|
| 651 |
1 |
4 |
|9 4013
|a AMÉRICA LATINA Y EL CARIBE
|
| 942 |
|
|
|i 003356
|h 14.06.01 1686
|2 z
|c 01
|